000 00507nam a2200181Ia 4500
001 3475
005 20260306145646.0
008 260306t2010||||xx |||||||||||||| ||spa||
041 _aESP
082 _a279.85
_bS26
100 _aSaranyana Closa, Josep-Ignasi
_eAUT
245 0 _aLa iglesia contemporánea en el Perú (1900 -1934):
_basambleas eclesiásticas y concilios provinciales
260 _c2010
300 _a218 páginas :
_c21 cm.
650 _aGEN
654 _aCHU
942 _cLIB
_dJUS
_fJUS
_2ddc
_n
999 _c3475
_d3475